000 00906nam a2200253 a 4500
001 BRCA_5304
005 20190320205026.0
008 021210s1950----enka######---#000-0#ger-#
041 _ager
044 _aenk
050 4 _aND497
_b.A68
_c1950
245 1 0 _aAquarelle aus dem Turner-Nachlass im Britischen Museum
_cveranstaltet von British Council.
260 _aInglaterra
_b[Curwen]
_c1950
300 _a15 p.
_bil. color, 12 láminas
_c24 cm.
500 _aTítulo en cubierta: Turnes 1775-1851 Aquarelle
500 _aIncluye catálogo de las obras que se expusieron en el British Museum Britischen de 1950-1951
500 _aE82
600 1 4 _aTurner, Joseph Mallord William
_d1775-1851
_913603
650 1 4 _aAcuarelas inglesas
_vExposiciones
_zInglaterra
_913604
650 1 4 _aGalerías y museos
_zInglaterra
_913605
710 2 _aBritish Museum (Londres)
_913606
902 _aGFM
942 _2lcc
_cB
999 _c4998
_d4998